| 000 | 00522nam a2200193 a 4500 | ||
|---|---|---|---|
| 001 | 000033288 | ||
| 005 | 20200930070143.0 | ||
| 008 | 100217s1970 xxu 000 0 spa d | ||
| 020 | _a0873481674 | ||
| 041 | 1 | _aeng | |
| 082 | _axxxx | ||
| 100 | 1 |
_aReed, Evelyn _958898 |
|
| 245 | 1 | 0 |
_aProblems of women´s liberation / _cEvelyn Reed. |
| 250 | _a2a ed. | ||
| 260 |
_aNew York : _bPathfindr Press, _c1970. |
||
| 590 | _aPertenece a la colección de Juan Isidro Jimenes Grullón | ||
| 049 | _aBNPD | ||
| 999 |
_c32779 _d32779 |
||
| 040 | _aDO-SdBNP | ||